000 00585nam a2200169 i 4500
001 150460
003 ES-MaACL
005 20230906203525.0
007 t|
008 071030s1906 sp ||||1| spa d
100 1 _aVales Failde, Javier.
_9112684
245 1 0 _aRosalía de Castro
_b: [conferencia pronunciada el 12 de mayo de 1906 en la Asociación de Conferencias para Señoras] /
_cJavier Vales Failde.
260 _aMadrid :
_bRev. de Archivos,
_c1906.
300 _a155 p. ;
_c18 cm.
710 2 _aAsociación de Conferencias para Señoras.
_91574
852 _aES-MaACL
_jD-1458
999 _c150460
_d150460